TEACHING OF ENGLISH (Record no. 12146)

MARC details
000 -LEADER
fixed length control field 00296nam a22001457a 4500
003 - CONTROL NUMBER IDENTIFIER
control field SGT
082 ## - DEWEY DECIMAL CLASSIFICATION NUMBER
Classification number 370
Item number T09S
100 ## - MAIN ENTRY--PERSONAL NAME
Personal name SHARMA, S.K.
245 ## - TITLE STATEMENT
Title TEACHING OF ENGLISH
250 ## - EDITION STATEMENT
Edition statement 1ST
260 ## - PUBLICATION, DISTRIBUTION, ETC. (IMPRINT)
Place of publication, distribution, etc NEW DELHI
Name of publisher, distributor, etc J.B.T. PUB
Year of Publication 2009
300 ## - PAGE DESCRIPTION
No. of Pages 312
650 ## - SUBJECT ADDED ENTRY--TOPICAL TERM
Topical term or geographic name as entry element EDUCATION
942 ## - ADDED ENTRY ELEMENTS (KOHA)
Source of classification or shelving scheme Dewey Decimal Classification
Koha item type Books
Holdings
Withdrawn status Lost status Source of classification or shelving scheme Damaged status Not for loan Collection code Home library Current library Shelving location Date acquired Vendor Name Cost, normal purchase price SGTU Bill Number Full call number Accession No. (Barcode) Date last seen Bill Date Koha item type Total Checkouts Date last borrowed
    Dewey Decimal Classification     EDUCATION SGT Engineering Library SGT Engineering Library Text Book 04/07/2017 INDIAN PUB 245.00 SGTU 101/102 370 T09S ED2086 04/07/2017 22/11/2016 Books    
    Dewey Decimal Classification     EDUCATION SGT Engineering Library SGT Engineering Library Text Book 04/07/2017 INDIAN PUB 245.00 SGTU 101/102 370 T09S ED2087 04/07/2017 22/11/2016 Books    
    Dewey Decimal Classification     EDUCATION SGT Engineering Library SGT Engineering Library Text Book 04/07/2017 INDIAN PUB 245.00 SGTU 101/102 370 T09S ED2088 31/07/2019 22/11/2016 Books 2 22/07/2019
    Dewey Decimal Classification     EDUCATION SGT Engineering Library SGT Engineering Library Text Book 04/07/2017 INDIAN PUB 245.00 SGTU 101/102 370 T09S ED2089 17/05/2019 22/11/2016 Books 1 13/05/2019
    Dewey Decimal Classification     EDUCATION SGT Engineering Library SGT Engineering Library Text Book 04/07/2017 INDIAN PUB 245.00 SGTU 101/102 370 T09S ED2090 05/08/2019 22/11/2016 Books 2 22/07/2019